000 00555nam a22002177a 4500
003 UA-OsUOA
001 56076
007 ta
008 20080930b un ||||| |||| 00| 0 ukr d
100 _aДружученко К.
090 _a330
_bД76
942 _cSA
040 _aUA-OsUOA
_bukr
_cUA-OsUOA
_dUA-OsUOA
245 _aЗолоте зерно/ світова криза продовольства
300 _aС.26-27
955 _a0
041 _aukr
080 _a330
773 0 _w56073
650 7 _a330 Економіка взагалі
_2UDC
999 _c342086
_d342086